000 00276nam a2200121Ia 4500
008 190216s9999||||xx |||||||||||||| ||und||
100 _aRobert Frost
245 0 _aSelected Poems
260 _bPenguin Books
_c1973
300 _a 285p
650 _aEnglish Poetry
942 _cBK
999 _c12658
_d12658